[Event "SVK-ch U12"]
[Site "Liptovsky Mikulas"]
[Date "2018.04.26"]
[Round "8"]
[White "Jurky, Marian"]
[Black "Benicky, Jakub Simon"]
[Result "1-0"]
[WhiteElo "1266"]
[BlackElo "1077"]
[PlyCount "99"]
[EventDate "2018.04.21"]
[EventType "swiss"]
[EventRounds "9"]
[EventCountry "SVK"]
[SourceTitle "CBM 184 Extra"]
[Source "ChessBase"]
[SourceDate "2018.06.28"]
[SourceVersion "1"]
[SourceVersionDate "2018.06.28"]
[SourceQuality "1"]

1. d4 d5 2. c4 e6 3. Nc3 Nf6 4. Nf3 c5 5. e3 Bd6 6. Bd3 0-0 7. 0-0 cxd4 8. Nxd4 Nc6 9. Nxc6 bxc6 10. b3 Qc7 11. h3 Bd7 12. cxd5 cxd5 13. Nb5 Bxb5 14. Bxb5 Rab8 15. Be2 Ne4 16. Bb2 Nc3 17. Bxc3 Qxc3 18. Rc1 Qa5 19. Rc2 Rfc8 20. Qd3 g6 21. Rfc1 Rxc2 22. Rxc2 Rb7 23. Qc3 Qxc3 24. Rxc3 Kg7 25. Kf1 Rc7 26. Rxc7 Bxc7 27. Bf3 Kf6 28. Ke2 Ke5 29. g3 Kd6 30. Kd3 Kc5 31. a3 Bd6 32. Bg2 Kb5 33. a4+ Kb4 34. Kc2 Kc5 35. f4 e5 36. Kd3 d4 37. fxe5 Bxe5 38. exd4+ Bxd4 39. b4+ Kxb4 40. Kxd4 Kxa4 41. Bd5 Kb4 42. Bxf7 a5 43. Ke5 a4 44. Kf6 Kc3 45. Kg7 Kd3 46. Kxh7 Ke3 47. Kxg6 Kf3 48. h4 Kxg3 49. h5 Kh4 50. h6 1-0

[Event "SVK-ch U12"]
[Site "Liptovsky Mikulas"]
[Date "2018.04.25"]
[Round "7"]
[White "Benicky, Jakub Simon"]
[Black "Alusik, Richard"]
[Result "1-0"]
[WhiteElo "1077"]
[BlackElo "1125"]
[PlyCount "28"]
[EventDate "2018.04.21"]
[EventType "swiss"]
[EventRounds "9"]
[EventCountry "SVK"]
[SourceTitle "CBM 184 Extra"]
[Source "ChessBase"]
[SourceDate "2018.06.28"]
[SourceVersion "1"]
[SourceVersionDate "2018.06.28"]
[SourceQuality "1"]

1. d4 d5 2. c4 e6 3. e3 Nf6 4. Bd3 Nbd7 5. Nc3 c6 6. Nf3 Qa5 7. Bd2 Qb4 8. Nxd5 Qxb2 9. Nc7+ Kd8 10. Nxa8 Bb4 11. 0-0 Ng4 12. Bxb4 Qxb4 13. Rb1 Qd6 14. Qd2 b6 1-0

[Event "SVK-ch U12"]
[Site "Liptovsky Mikulas"]
[Date "2018.04.23"]
[Round "4"]
[White "Zumrik, Lukas"]
[Black "Benicky, Jakub Simon"]
[Result "1-0"]
[WhiteElo "1468"]
[BlackElo "1077"]
[PlyCount "105"]
[EventDate "2018.04.21"]
[EventType "swiss"]
[EventRounds "9"]
[EventCountry "SVK"]
[SourceTitle "CBM 184 Extra"]
[Source "ChessBase"]
[SourceDate "2018.06.28"]
[SourceVersion "1"]
[SourceVersionDate "2018.06.28"]
[SourceQuality "1"]

1. d4 d5 2. c4 e6 3. Nc3 Nf6 4. cxd5 exd5 5. Bg5 Be7 6. e3 0-0 7. Bd3 Be6 8. Qc2 g6 9. Nge2 c5 10. dxc5 Bxc5 11. 0-0 Nbd7 12. Nf4 Nb6 13. Ncxd5 Bxd5 14. Qxc5 Bc6 15. Qc3 Nbd7 16. Rac1 Rc8 17. Qb3 Rc7 18. Bc4 Qe7 19. Nd5 Bxd5 20. Bxd5 Nc5 21. Qb4 b6 22. Qd4 Kg7 23. Bxf6+ Qxf6 24. Qxf6+ Kxf6 25. b4 Na6 26. b5 Rxc1 27. Rxc1 Nb4 28. Bb3 Rd8 29. a3 Nd3 30. Rd1 Ke7 31. Bc2 Nc5 32. Rxd8 Kxd8 33. Kf1 Ke7 34. Ke2 Ke6 35. e4 Ke5 36. Ke3 Nb7 37. f4+ Ke6 38. Bb3+ Ke7 39. Kd4 f6 40. e5 Nc5 41. Ba2 f5 42. h3 h5 43. Bc4 Ne6+ 44. Bxe6 Kxe6 45. h4 Kf7 46. Kd5 Ke7 47. e6 Kd8 48. Kd6 Ke8 49. e7 Kf7 50. Kd7 Kf6 51. e8Q Kg7 52. Qe7+ Kh6 53. Qg5+ 1-0

[Event "Oravska Priehrada op"]
[Site "Namestovo"]
[Date "2017.08.26"]
[Round "4"]
[White "Benicky, Jakub Simon"]
[Black "Sedlacek, Hugo"]
[Result "1-0"]
[WhiteElo "1062"]
[BlackElo "1002"]
[PlyCount "41"]
[EventDate "2017.08.25"]
[EventType "swiss"]
[EventRounds "7"]
[EventCountry "SVK"]
[SourceTitle "CBM 180 Extra"]
[Source "ChessBase"]
[SourceDate "2017.10.06"]
[SourceVersion "1"]
[SourceVersionDate "2017.10.06"]
[SourceQuality "1"]

1. d4 d5 2. Nf3 Nf6 3. e3 Bg4 4. c4 e6 5. Bd3 c5 6. Nc3 Bd6 7. dxc5 Bxc5 8. 0-0 dxc4 9. Qa4+ Qd7 10. Qxc4 Bxf3 11. Qxc5 Qxd3 12. gxf3 Qg6+ 13. Kh1 Qf5 14. Qc8+ Ke7 15. Qxh8 h6 16. Rd1 Qxf3+ 17. Kg1 Qg4+ 18. Kf1 Nfd7 19. b3 Nf8 20. Ba3+ Ke8 21. Qxf8# 1-0

[Event "SVK-ch U12"]
[Site "Liptovsky Mikulas"]
[Date "2017.04.24"]
[Round "4"]
[White "Benicky, Jakub Simon"]
[Black "Kubik, Richard"]
[Result "0-1"]
[WhiteElo "1176"]
[BlackElo "1369"]
[PlyCount "92"]
[EventDate "2017.04.22"]
[EventType "swiss"]
[EventRounds "9"]
[EventCountry "SVK"]
[SourceTitle "CBM 178 Extra"]
[Source "ChessBase"]
[SourceDate "2017.06.22"]
[SourceVersion "1"]
[SourceVersionDate "2017.06.22"]
[SourceQuality "1"]

1. d4 d5 2. Nf3 Nf6 3. e3 Bf5 4. c4 e6 5. Be2 c5 6. Nc3 Nc6 7. 0-0 Be7 8. dxc5 Bxc5 9. Qb3 dxc4 10. Bxc4 Qb6 11. Bb5 0-0 12. Rd1 Rfd8 13. Qc4 Na5 14. Qa4 Rac8 15. b4 Bxb4 16. Qxb4 a6 17. Ba3 axb5 18. Nxb5 Nd5 19. Qa4 Bc2 20. Qg4 Bxd1 21. Rxd1 Nf6 22. Rxd8+ Rxd8 23. Qb4 Nd5 24. Qd2 Qxb5 25. e4 Nc4 26. Qd1 Nxa3 27. Ng5 Qb1 28. Qxb1 Nxb1 29. exd5 Rxd5 30. f4 h6 31. Nf3 Nd2 32. Ne5 Ne4 33. g3 Ra5 34. Kg2 Rxa2+ 35. Kf3 Nf6 36. h4 Ra3+ 37. Kg2 Ne4 38. Kh3 Rxg3+ 39. Kh2 b5 40. Nxf7 Kxf7 41. f5 exf5 42. h5 b4 43. Kh1 b3 44. Kh2 b2 45. Kh1 b1Q+ 46. Kh2 Qg1# 0-1

[Event "SVK-ch U12"]
[Site "Liptovsky Mikulas"]
[Date "2017.04.22"]
[Round "1"]
[White "Benicky, Jakub Simon"]
[Black "Bidulsky, Matej"]
[Result "0-1"]
[WhiteElo "1176"]
[BlackElo "1439"]
[PlyCount "32"]
[EventDate "2017.04.22"]
[EventType "swiss"]
[EventRounds "9"]
[EventCountry "SVK"]
[SourceTitle "CBM 178 Extra"]
[Source "ChessBase"]
[SourceDate "2017.06.22"]
[SourceVersion "1"]
[SourceVersionDate "2017.06.22"]
[SourceQuality "1"]

1. Nf3 Nc6 2. g3 e5 3. d3 h6 4. Bg2 Nf6 5. 0-0 Bc5 6. b3 0-0 7. Bb2 d6 8. e4 Bg4 9. Nbd2 Qd7 10. h3 Bxh3 11. Bxh3 Qxh3 12. a3 Ng4 13. b4 Qxg3+ 14. Kh1 Bxf2 15. Nb3 Qh3+ 16. Nh2 Qxh2# 0-1